000
00316nam a2200133Ia 4500
008
240624s9999 xx 000 0 und d
041
_a
eng
082
_a
658.3 RAO
100
_a
RAO V S P
245
_a
MANAGING PEOPLE
260
_c
2002
_a
New Delhi
_b
Excel Books
300
_a
ix, : 414 : p. : cm. ; 25
365
_c
RS
999
_c
2499
_d
2499